Catálogo
 En Linea

Historia constitucional dominicana / (Registro nro. 51960)

Detalles MARC
000 -CABECERA
campo de control de longitud fija 02265nam a2200337 i 4500
003 - IDENTIFICADOR DEL NÚMERO DE CONTROL
campo de control DO-SdBNP
005 - FECHA Y HORA DE LA ÚLTIMA TRANSACCIÓN
campo de control 20250724104936.0
007 - CAMPO FIJO DE DESCRIPCIÓN FÍSICA--INFORMACIÓN GENERAL
campo de control de longitud fija ta
008 - DATOS DE LONGITUD FIJA--INFORMACIÓN GENERAL
campo de control de longitud fija 220608e2022 dr ||||gr|||| 001 edspa d
020 ## - NÚMERO INTERNACIONAL ESTÁNDAR DEL LIBRO
Número Internacional Estándar del Libro 9789945610543
040 ## - FUENTE DE LA CATALOGACIÓN
Centro catalogador/agencia de origen DO-SdBNP
Lengua de catalogación spa
Centro/agencia transcriptor BNPHU
Normas de descripción rda
041 ## - CÓDIGO DE LENGUA
Código de lengua del texto/banda sonora o título independiente spa
082 #4 - NÚMERO DE LA CLASIFICACIÓN DECIMAL DEWEY
Número de clasificación xxx
Número de documento/Ítem V422h
Número de edición 22
100 1# - ENTRADA PRINCIPAL--NOMBRE DE PERSONA
Nombre de persona Vega B., Wenceslao,
Fechas asociadas al nombre 1932-
Término indicativo de función/relación autor
Código de función/relación aut.
9 (RLIN) 38670
245 10 - MENCIÓN DE TÍTULO
Título Historia constitucional dominicana /
Mención de responsabilidad, etc. Wenceslao Vega B ; edición, Leonor Tejeda ; corrección, Eduardo Díaz Guerra
264 #1 - PRODUCCIÓN, PUBLICACIÓN, DISTRIBUCIÓN, FABRICACIÓN Y COPYRIGHT
Producción, publicación, distribución, fabricación y copyright Santo Domingo :
Nombre del de productor, editor, distribuidor, fabricante Tribunal Constitucional de la República Dominicana,
Fecha de producción, publicación, distribución, fabricación o copyright 2022.
300 ## - DESCRIPCIÓN FÍSICA
Extensión 533 páginas ;
Dimensiones 23 cm.
336 ## - TIPO DE CONTENIDO
Término de tipo de contenido texto
Código de tipo de contenido txt
Fuente rdacontent
337 ## - TIPO DE MEDIO
Nombre/término del tipo de medio sin mediación
Código del tipo de medio n
Fuente rdamedia
338 ## - TIPO DE SOPORTE
Nombre/término del tipo de soporte volumen
Código del tipo de soporte nc
Fuente rdacarrier
500 ## - NOTA GENERAL
Nota general Incluye datos biográficos del autor en la solapa de la cubierta.
504 ## - NOTA DE BIBLIOGRAFÍA, ETC.
Nota de bibliografía, etc. Bibliografía : páginas 525- 533
505 0# - NOTA DE CONTENIDO CON FORMATO
Nota de contenido con formato Presentación del magistrado presidente del Tribunal Constitucional de la República Dominicana. /
Mención de responsabilidad Dr. Milton Ray Guevara.
505 0# - NOTA DE CONTENIDO CON FORMATO
Nota de contenido con formato Introducción--
Información miscelánea Parte I--
Título El constitucionalismo en la historia--
Información miscelánea Parte II--
Título Las Constituciones impuestas 1801, 1805, 1812, 1816 y 1843--
Información miscelánea Parte III.
Título El proyecto de Constitución de Juan Pablo Duarte--
Información miscelánea Parte IV--
Título La primera Constitución dominicana. San Cristóbal, 6 de noviembre de 1844--
Información miscelánea Parte V--
Título Otras constituciones de la Primera República 1844-1861---
Información miscelánea Parte VI.
Título Las constituciones de la Segunda República 1865- 1896--
Información miscelánea Parte VII--
Título Las constituciones de principio de siglo XX 1907 - 1929--
Información miscelánea Parte VII--
Título Las constituciones en el período de la dictadura de Trujillo 1930 - 1961--
Información miscelánea Parte IX--
Título Las constituciones del período de transición a la democracia 1962-1966--
Información miscelánea Parte X--
Título Las constituciones modernas 1994 y 2002--
Información miscelánea Parte XI--
Título La constitución de la Consulta Popular del 26 de enero de 2010--
Información miscelánea Parte XII--
Título La Constitución vigente del 13 de junio de 2015--
Información miscelánea Parte XIII--
Título La Jurisdicción y la doctrina constitucional dominicana.
590 ## - NOTA LOCAL (RLIN)
Nota local Inventariado 2022 / MF
650 #4 - PUNTO DE ACCESO ADICIONAL DE MATERIA--TÉRMINO DE MATERIA
9 (RLIN) 5439
Término de materia o nombre geográfico como elemento de entrada Historia onstitucional
Subdivisión geográfica República Dominicana
700 1# - PUNTO DE ACCESO ADICIONAL--NOMBRE DE PERSONA
Nombre de persona Tejeda, Leonor ,
Término indicativo de función/relación editor
Código de función/relación ed.
9 (RLIN) 81038
700 1# - PUNTO DE ACCESO ADICIONAL--NOMBRE DE PERSONA
Nombre de persona Díaz Guerra, Eduardo,
Término indicativo de función/relación corrector
Código de función/relación corr.
9 (RLIN) 6661
910 ## - DATOS DE OPCIÓN DEL USUARIO (OCLC)
Datos de opción del usuario MFeliz
942 ## - ELEMENTOS DE PUNTO DE ACCESO ADICIONAL (KOHA)
Fuente del sistema de clasificación o colocación Dewey Decimal Classification
Tipo de ítem Koha Libro
Existencias
Estado de retiro Estado de pérdida Fuente del sistema de clasificación o colocación Restricciones de uso No para préstamo Código de colección Localización permanente Ubicación/localización actual Ubicación en estantería Fecha de adquisición Fuente de adquisición Signatura topográfica completa Código de barras Fecha visto por última vez Precio válido a partir de Tipo de ítem Koha Total de préstamos Número de copia
    Dewey Decimal Classification Excluido de préstamo   Patrimonio Dominicano Biblioteca Nacional Pedro Henríquez Ureña Biblioteca Nacional Pedro Henríquez Ureña En encuadernación 28.04.2022 Depósito legal BNPHU PD V422h 2022-2808 08.06.2022 08.06.2022 Libro    
    Dewey Decimal Classification Excluido de préstamo   Patrimonio Dominicano Biblioteca Nacional Pedro Henríquez Ureña Biblioteca Nacional Pedro Henríquez Ureña En encuadernación 28.04.2022 Depósito legal BNPHU PD V422h 2022-2809 08.06.2022 08.06.2022 Libro   e.2
    Dewey Decimal Classification Préstamo en sala   Dominicana de Servicio Biblioteca Nacional Pedro Henríquez Ureña Biblioteca Nacional Pedro Henríquez Ureña En catalogación 28.04.2022 Depósito legal BNPHU DS V422h 2022-2810 08.06.2022 08.06.2022 Libro   e.3
    Dewey Decimal Classification Préstamo en sala   Dominicana de Servicio Biblioteca Nacional Pedro Henríquez Ureña Biblioteca Nacional Pedro Henríquez Ureña En catalogación 16.11.2022 Donación BNPHU DS V422h 2022-5456 16.11.2022 16.11.2022 Libro   e.4
    Dewey Decimal Classification Préstamo en sala   Dominicana de Servicio Biblioteca Nacional Pedro Henríquez Ureña Biblioteca Nacional Pedro Henríquez Ureña En catalogación 16.11.2022 Donación BNPHU DS V422h 2022-5457 16.11.2022 16.11.2022 Libro   e.5

Con tecnología Koha